| 000 | 01220nam a2200361 a 4500 | ||
|---|---|---|---|
| 001 | 000108402 | ||
| 003 | CHAP | ||
| 005 | 20220329144011.0 | ||
| 008 | 140207s2013 it aj |r| ||||||spa d | ||
| 010 | _a104864 | ||
| 011 | _a105836 | ||
| 020 | _a9789253073719 | ||
| 040 | _cCHAP | ||
| 082 |
_a338.19 _bF216 |
||
| 245 | 0 |
_aPlan de acción de la estrategia global para el mejoramiento de las estadísticas agropecuarias y rurales : _bpara la seguridad alimentaria, la agricultura sostenibles y el desarrollo rural / _cpor FAO. |
|
| 260 |
_aRoma : _bFAO, _c2013. |
||
| 300 |
_axvi, 102 p. : _bil., diags., tabs. |
||
| 590 |
_aE11695DGD _b10 _c20140210 _lUCH01 _h1212 |
||
| 590 |
_aE5995AHE _b05 _c20140207 _lUCH01 _h0947 |
||
| 590 |
_aE5995AHE _b05 _c20140207 _lUCH01 _h0948 |
||
| 590 |
_aE5995AHE _b05 _c20140207 _lUCH01 _h0949 |
||
| 650 | 1 | 4 |
_aAlimentos _xAlmacenamiento. _94162 |
| 650 | 1 | 4 |
_aAlimentos _xIndustria. _94227 |
| 650 | 1 | 4 |
_aAlimentos _xValor nutritivo. _94298 |
| 650 | 1 | 4 |
_aComercio. _925557 |
| 650 | 1 | 4 |
_aDesarrollo rural. _932067 |
| 650 | 1 | 4 |
_aPolítica y gobierno. _990717 |
| 650 | 1 | 4 |
_aSeguridad alimentaria. _9103673 |
| 710 | 2 |
_aBanco Mundial _99854 |
|
| 901 | _aBK | ||
| 942 | _cLIBRO | ||
| 942 | _n0 | ||
| 999 |
_c104864 _d104864 |
||